Ipswich Town Current Squad - Statistics

General Stats
  • This quiz has been taken 1,132 times
    548 since last reset
  • The average score is 16 of 30
Answers on the Map
Answers color-coded by a green-red scale on the quiz's map according to % correct below.
 
Answer Stats
# Position Player Nation % Correct
19 FW Liam Delap
91%
8 MF Kalvin Phillips
89%
1 GK Arijanet Muric
81%
9 FW Julio Enciso
78%
20 MF Omari Hutchinson
78%
Manager Kieran McKenna
66%
5 MF Sam Morsy
66%
3 DF Leif Davis
65%
18 DF Ben Johnson
59%
40 DF Axel Tuanzebe
57%
24 DF Jacob Greaves
54%
23 FW Sam Szmodics
53%
29 FW Jaden Philogene
50%
12 MF Jens Cajuste
50%
31 GK Alex Palmer
48%
26 DF Dara O'Shea
48%
10 FW Conor Chaplin
47%
47 FW Jack Clarke
45%
25 MF Massimo Luongo
43%
7 MF Wes Burns
42%
21 FW Chiedozie Ogbene
41%
27 FW George Hirst
41%
6 DF Luke Woolfenden
39%
28 GK Christian Walton
38%
44 DF Ben Godfrey
34%
15 DF Cameron Burgess
34%
33 FW Nathan Broadhead
34%
14 MF Jack Taylor
32%
13 GK Cieran Slicker
30%
22 DF Conor Townsend
27%
No matching quizzes found
Score Distribution
Percent of People with Each Score
Percentile by Number Answered
Your Score History
You have not taken this quiz since the last reset